[Event "Marmaris PHYSKOS GM 2018"]
[Site "Icmeler"]
[Date "2018.11.17"]
[Round "3.1"]
[White "Annaberdiev, Meilis"]
[Black "Quparadze, Giga"]
[Result "1/2-1/2"]
[WhiteElo "2509"]
[BlackElo "2509"]
[Annotator "TA"]
[PlyCount "80"]
[EventDate "2018.11.16"]
[EventType "schev"]
[EventCountry "TUR"]
[SourceTitle "playchess.com"]
[Source "ChessBase"]
[SourceQuality "1"]

{[%evp 19,80,46,46,13,41,40,54,54,32,24,39,27,57,32,54,20,29,22,51,43,68,56,65,60,69,69,69,68,71,70,58,76,71,41,48,19,30,24,26,25,25,24,39,5,54,0,0,0,0,0,0,0,0,0,0,0,19,0,0,0,30,0,0]} 1. e4 c5 2. Nf3 e6 3. d4 cxd4 4. Nxd4 a6 5. Nc3 Qc7 6. Be2 Nf6 7. O-O Nc6 8. Be3 Bb4 9. Na4 Bd6 10. Nxc6 bxc6 11. g3 {Hoping for Nb6. B49: Sicilian: Taimanov: 5 Nc3 Qc7 6 Be3 a6 7 Be2} Be7 12. Nb6 Rb8 13. Nxc8 {White is slightly better.} Qxc8 14. e5 Nd5 15. Bc1 Bc5 {[#]} 16. Kg2 $146 (16. c4 Ne7 17. Kh1 O-O {1-0 (36) Yu,Y (2734)-Wang,C (2529) Shenzhen 2015}) ({Predecessor:} 16. c4 Ne7 17. b3 Qc7 {1-0 (62) Korze,D (2543)-Rubinas,P (2551) ICCF email 2016}) 16... Qc7 17. c4 Ne7 18. b3 O-O 19. Bb2 Ng6 20. f4 Rfd8 21. Qc2 d6 22. exd6 Rxd6 23. Rad1 Rbd8 24. Rxd6 Rxd6 25. Rd1 Rxd1 26. Qxd1 Qa5 27. a4 Bf8 28. Qd3 c5 29. Bd1 Qb6 30. Bc2 Be7 31. Qd7 {Black should prevent Bxg6.} Qb4 32. Kf1 ({White should try} 32. Bc1 $14) 32... Bf6 $11 33. Bxg6 hxg6 34. Qe8+ Kh7 35. Bxf6 Qxb3 36. Qxf7 {[%csl Gf6][%cal Rf7g7]} Qd1+ 37. Kg2 {[%csl Gf6][%cal Rf7g7]} Qc2+ {[%mdl 64] [#] Double Attack} 38. Kg1 {[%csl Gf6][%cal Rf7g7]} Qd1+ 39. Kg2 {[%csl Gf6][%cal Rf7g7]} Qc2+ 40. Kg1 {[%csl Gf6][%cal Rf7g7]} Qd1+ {Accuracy: White = 57%, Black = 70%.} 1/2-1/2

[Event "Marmaris PHYSKOS GM 2018"]
[Site "Icmeler"]
[Date "2018.11.17"]
[Round "3.2"]
[White "Tutisani, Noe"]
[Black "Odeev, Handszar"]
[Result "1-0"]
[WhiteElo "2452"]
[BlackElo "2406"]
[Annotator "TA"]
[PlyCount "43"]
[EventDate "2018.11.16"]
[EventType "schev"]
[EventCountry "TUR"]
[SourceTitle "playchess.com"]
[Source "ChessBase"]
[SourceQuality "1"]

{[%evp 13,43,24,41,36,43,30,43,42,40,44,72,53,78,33,158,153,160,160,403,418,501,497,724,714,706,685,2812,2214,2775,2779,2362,2285]} 1. e4 c5 2. Nf3 d6 3. d4 cxd4 4. Nxd4 Nf6 5. Nc3 a6 6. Bg5 Nbd7 7. Qe2 {B94: Sicilian Najdorf: 6 Bg5 Nbd7} g6 {LiveBook: 36 Games} (7... h6 8. Bh4 g6 9. f4 Qc7 10. O-O-O Bg7 11. g4 e5 12. fxe5 Nxe5 13. h3 Be6 14. Qf2 Nfd7 {½-½ (26) Carlsen,M (2842)-Svidler,P (2753) Biel 2018}) 8. f4 Bg7 9. O-O-O {Strongly threatening e5.White is slightly better.} O-O 10. f5 Ne5 11. h4 h5 $146 ({Predecessor:} 11... Bd7 12. h5 Rc8 13. hxg6 fxg6 14. Qe1 Rf7 15. Rh3 {1-0 (22) Castellanos Rodriguez,R (2515)-Asis Gargatagli,H (2474) Leon 2012}) 12. Kb1 Bd7 13. g4 hxg4 {[#]} ({Black should try} 13... Nexg4 $14 14. Bh3 Rc8) 14. h5 $1 $36 {[%cal Rh5h6][%mdl 2048] Keeping Black busy.} Nxh5 {White must now prevent ...Ng3.} 15. Nd5 f6 $2 {[#]} (15... Re8 $16) 16. Bf4 $1 $18 Qe8 17. Qh2 {White is clearly winning.} Rc8 (17... e6 $142 18. Nc7 Qf7 19. fxg6 Qxg6 20. Qxh5 Qxh5 21. Rxh5 Kf7 22. Nxa8 Rxa8) 18. fxg6 Nxg6 19. Qxh5 e6 20. Qh7+ Kf7 21. Rh6 exd5 22. Rxg6 {Accuracy: White = 91%, Black = 32%.} 1-0

[Event "Marmaris PHYSKOS GM 2018"]
[Site "Icmeler"]
[Date "2018.11.17"]
[Round "3.3"]
[White "Ozen, Deniz"]
[Black "Simantsev, Mikhail"]
[Result "1/2-1/2"]
[WhiteElo "2411"]
[BlackElo "2403"]
[Annotator "TA"]
[PlyCount "95"]
[EventDate "2018.11.16"]
[EventType "schev"]
[EventCountry "TUR"]
[SourceTitle "playchess.com"]
[Source "ChessBase"]
[SourceQuality "1"]

{[%evp 30,95,31,31,27,33,25,46,24,43,27,19,52,31,41,31,43,55,34,30,37,30,50,-5,53,52,58,66,71,9,102,104,105,101,93,93,95,16,5,25,35,20,10,0,0,-2,0,0,0,-14,0,0,35,41,54,47,45,0,16,19,32,44,35,20,76,85,86,7]} 1. e4 e5 2. Nf3 Nc6 3. Bb5 a6 4. Ba4 Nf6 5. O-O Be7 6. Re1 b5 7. Bb3 d6 8. c3 O-O 9. h3 Bb7 10. d4 Nd7 11. Nbd2 exd4 {C92: Closed Ruy Lopez: 9...Be6, Karpov and Flohr-Zaitsev Variations} 12. cxd4 Re8 13. Nf1 Na5 14. Bc2 Bf6 15. Rb1 c5 16. d5 {LiveBook: 52 Games} Nc4 17. b3 Nce5 18. N3h2 {[#]} Bc8 $146 ({Predecessor:} 18... Ng6 19. Ng3 {0-1 (41) Giri,A (2793)-Svidler,P (2727) Baku 2015}) 19. Ng3 Ng6 20. Rf1 Nb6 21. Ng4 Bd4 22. Ne2 Bxg4 $1 23. hxg4 Bf6 24. Ng3 h6 25. Nf5 Ne7 26. Be3 (26. Ne3 $14) 26... a5 (26... Nxf5 $11 27. gxf5 Rc8) 27. Nxe7+ $14 Qxe7 28. Qd3 $1 {Strongly threatening e5.} Qd7 29. a4 (29. f3 $16) 29... c4 {[#]} (29... b4 $11) 30. bxc4 $1 $16 bxc4 31. Qd1 Nc8 {[%cal Bb6c8,Bc8e7,Be7g6,Bg6e5,Be5c4][%mdl 32]} 32. Qe2 Ne7 33. Qxc4 (33. Rb5 $16) 33... Qxg4 $11 {Hoping for ...Nf5!} 34. Bd1 {[%cal Bc2d1,Bd1f3,Bf3g2,Bg2h3][%mdl 32]} Qh4 35. g3 Qh3 36. Bf3 Ng6 37. Bg2 (37. Qe2 {seems wilder.} Nh4 38. Bh1 Be5 39. Bb6 f5 40. Qe3) 37... Qg4 38. Rfe1 Ne5 39. Qe2 Qxe2 40. Rxe2 Rac8 41. Rb5 $36 {[%mdl 2048] White is pushing.} Nc4 42. Bh3 Rb8 43. Ba7 Ra8 44. Rb7 Re7 45. Rxe7 Bxe7 46. Bd4 Rb8 (46... Bf6 $11 {keeps the balance.} 47. Bxf6 gxf6) 47. Rc2 $16 Rb4 48. Bd7 {Accuracy: White = 65%, Black = 46%.} (48. Bf1 $16 Ne5 49. Rc8+ Kh7 50. Bxe5 dxe5 51. Rc7) 1/2-1/2

[Event "Marmaris PHYSKOS GM 2018"]
[Site "Icmeler"]
[Date "2018.11.17"]
[Round "3.4"]
[White "Yurtseven, Melih"]
[Black "Yilmaz, Mustafa"]
[Result "0-1"]
[WhiteElo "2397"]
[BlackElo "2637"]
[Annotator "TA"]
[PlyCount "64"]
[EventDate "2018.11.16"]
[EventType "schev"]
[EventCountry "TUR"]
[SourceTitle "playchess.com"]
[Source "ChessBase"]
[SourceQuality "1"]

{[%evp 15,64,0,17,-2,-4,-18,0,-23,-28,-38,-18,-41,-38,-52,-28,-66,-60,-83,-42,-127,-88,-90,-73,-82,-87,-93,-95,-104,-56,-105,-104,-101,-85,-185,-145,-153,-159,-145,-150,-263,-252,-416,-415,-694,-766,-757,-735,-691,-679,-1893,-1660]} 1. d4 Nf6 2. c4 e6 3. Nc3 Bb4 4. e3 O-O 5. Bd3 d5 6. Nge2 b6 7. O-O Bb7 8. cxd5 exd5 9. Bd2 {E48: Nimzo-Indian: Rubinstein: 5 Bd3 d5 including 6 Ne2, but excluding 6 a3} (9. a3 Bd6 10. b4 c6 11. Rb1 a5 12. f3 axb4 13. axb4 Na6 14. b5 Nb4 15. bxc6 Bxc6 16. Bb5 Bb7 {1-0 (28) Navara,D (2725)-Movsesian,S (2673) Prague 2016}) 9... Bd6 10. f3 c5 11. Qe1 {The position is equal.} Nc6 {[%cal Bb8c6,Bc6b4,Bb4d3][%mdl 32]} 12. Qh4 Be7 $146 ({Predecessor:} 12... Nb4 13. Bb1 Ba6 14. Rd1 g6 15. e4 Be7 16. Bg5 Nc6 17. exd5 Nxd4 18. Nxd4 cxd4 19. Rxd4 h6 20. Qxh6 Ng4 21. Rxg4 {1-0 (21) Reshetnikov,V (2126)-Novichkov,V (2146) Novosibirsk 2008}) 13. Qg3 Nb4 14. Bf5 Ba6 15. a3 Nd3 16. Rfb1 g6 17. Nc1 ({Better is} 17. b4 $15) 17... Bd6 18. f4 c4 19. Bxd3 cxd3 20. Qf3 Rc8 21. N1a2 Re8 22. Nb4 Ne4 23. Qd1 Bc4 {Hoping for ...Nxc3.} 24. b3 (24. Nbxd5 $17 {only move.} f5 25. Rc1) 24... a5 {[%cal Ba7a5,Ba5b4][%mdl 32] And now ...Nxc3 would win.} 25. Nxe4 dxe4 {[%cal Bd5e4,Be4e3][%mdl 32]} 26. bxc4 {aiming for Nd5.} axb4 27. Qb3 (27. axb4 $17 Rxc4 28. Qb3) 27... bxa3 $19 28. Bb4 $2 {[#]} (28. Rc1 {keeps fighting.}) 28... Bxf4 $1 {[%mdl 576] Deflection} 29. exf4 (29. Bd2 $142 Bb8 30. Qxa3) 29... Qxd4+ {[%mdl 64] Double Attack. Black is clearly winning.} 30. Kh1 e3 31. Qxa3 d2 32. Qb2 {[#]} d1=Q+ $1 {[%mdl 512] Accuracy: White = 22%, Black = 69%.} 0-1

[Event "Marmaris PHYSKOS GM 2018"]
[Site "Icmeler"]
[Date "2018.11.17"]
[Round "3.5"]
[White "Ozer, Omer Faruk"]
[Black "Rasulov, Vugar"]
[Result "1/2-1/2"]
[WhiteElo "2373"]
[BlackElo "2538"]
[Annotator "TA"]
[PlyCount "197"]
[EventDate "2018.11.16"]
[EventType "schev"]
[EventCountry "TUR"]
[SourceTitle "playchess.com"]
[Source "ChessBase"]
[SourceQuality "1"]

{[%evp 13,197,0,13,-11,10,-3,0,-2,0,0,0,-24,-2,-20,0,0,0,0,0,9,44,44,50,45,47,43,51,0,50,33,81,78,63,66,87,77,114,114,114,114,118,118,115,112,112,110,112,100,100,100,116,108,108,108,115,108,108,108,108,108,108,108,108,108,108,108,108,15,91,15,28,49,57,30,81,32,81,-125,-125,-125,-125,-126,-125,-125,-125,-125,-126,-125,-125,-126,-126,-126,-125,-131,-70,-70,-40,-36,-43,-36,-45,-50,-31,-103,-74,-106,-35,-35,-35,-70,0,-103,-35,-70,0,-35,-35,-35,-35,-57,-39,-107,-87,-151,-50,-42,-8,-10,-10,-69,-69,-69,-49,-67,-62,-111,0,0,0,-56,-136,-14,0,0,0,0,0,0,0,-39,0,-39,-8,-8,0,-39,-39,-39,-119,-41,-39,-39,-39,-39,0,0,0,-39,-39,-39,0,-40,-45,-93,0,-104,0,0,0,0,0,-39,0,-39,-39,-39]} 1. e4 c6 2. Nc3 d5 3. Nf3 Bg4 4. h3 Bxf3 5. Qxf3 e6 6. d3 Nd7 7. Bd2 Bd6 {LiveBook: 10 Games. B11: Caro-Kann: Two Knights Variation} (7... Qb6 8. O-O-O Bd6 9. h4 Ne7 10. h5 Be5 11. h6 g6 12. Na4 Qc7 13. Nc3 Rc8 14. Ne2 c5 15. exd5 Nxd5 {0-1 (25) Liang,A (2572)-Mamedyarov,S (2804) chess.com INT 2018}) 8. g3 Ne7 9. Bg2 O-O {The position is equal.} 10. O-O $146 ({Predecessor:} 10. Qe2 Qc7 11. f4 b5 12. O-O f5 13. e5 Bc5+ 14. Kh2 a5 15. Qh5 {1-0 (86) Hort,V-Pomar Salamanca,A Madrid 1973}) 10... Qb6 11. Rab1 a5 {[%cal Ba7a5,Ba5a4,Ba4a3][%mdl 32]} 12. Kh1 a4 13. Qe2 a3 14. b4 d4 15. Nd1 $1 Ra4 16. f4 e5 17. c3 c5 18. b5 Qc7 19. c4 Nc8 {[%cal Be7c8,Bc8b6,Bb6a4,Ba4c3][%mdl 32]} 20. Nf2 ({White should play} 20. h4 $14) 20... Ncb6 {[%cal Re5f4]} 21. Qh5 Rb4 22. Bxb4 cxb4 23. Ng4 Na4 24. fxe5 Nxe5 25. Nxe5 Bxe5 26. Rxb4 Nc3 27. Rb3 g6 28. Qf3 Qd6 29. b6 Kg7 30. g4 h6 31. Qf2 f6 32. Bf3 Ra8 33. Kg2 Ra6 34. Bd1 Qd7 35. Kh1 Ra8 36. Qg2 Qd6 37. h4 {[%cal Bh3h4,Bh4h5][%mdl 32]} g5 38. h5 Qe6 39. Bf3 Ra6 40. c5 (40. Qf2 $16) 40... Ra5 (40... Qc8 $11) 41. Rc1 ({Better is} 41. Qf2 $16) 41... Rxc5 42. Rxa3 Qxb6 43. Rb3 Qc7 (43... Qa6 $11 {keeps the balance.}) 44. Rf1 Ra5 45. Qb2 $2 (45. Bd1 $16 {keeps the pressure on.}) 45... Rxa2 $17 46. Rxc3 Rxb2 47. Rxc7+ Bxc7 {[%mdl 4096] Endgame KRB-KRB} 48. e5 Bxe5 49. Ra1 b5 {[%cal Bb7b5,Bb5b4][%mdl 32]} 50. Ra7+ Kf8 51. Rb7 b4 52. Bd5 Ke8 53. Be6 Bd6 (53... Kd8 $17 54. Kg1 Bc7) 54. Kg1 $15 Bh2+ 55. Kf1 Bg3 56. Kg1 Bd6 57. Kf1 Rc2 58. Bd7+ (58. Bf7+ $15 Kd8 59. Bd5) 58... Kd8 59. Be6 {Strongly threatening Rd7+.} Rc6 (59... Rc7 $1 $17 {[%cal Rc7b7]} 60. Rb5 Rc1+ 61. Ke2 Kc7) 60. Rd7+ Ke8 61. Rb7 Rc2 (61... Rc7 {seems wilder.} 62. Rb6 Rc1+ 63. Ke2 Ke7 64. Bd5 Kd7) 62. Bd7+ Kf8 (62... Ke7 $17 63. Ba4+ Rc7 64. Rxc7+ Bxc7) 63. Be6 Rb2 (63... Rc7 $15 64. Rb6 Rc1+ 65. Ke2 Ke7) 64. Bd5 Be5 65. Be6 Ke8 66. Bd5 Bg3 67. Kg1 (67. Be6 $15) 67... Kd8 $1 $17 68. Be6 {[#]} (68. Kf1 $142) 68... Re2 (68... Bc7 $1 $17 69. Bf5 b3) 69. Bf5 $15 Be1 {Black wants to play ...Re7.} 70. Kf1 Re5 71. Rd7+ $1 Ke8 72. Rb7 Bc3 $1 73. Kg2 Kd8 $1 74. Kf3 Be1 (74... Re3+ $17 75. Kf2 Re1) 75. Rd7+ $11 Ke8 76. Rb7 (76. Rc7 $11) 76... Re3+ $15 77. Kg2 Re7 78. Rb8+ Kf7 79. Kf1 Bc3 80. Kf2 Rc7 81. Kf3 Ke7 82. Ke4 Kd6 {...Re7+ is the strong threat.} 83. Rd8+ $1 Ke7 84. Rb8 Rc5 {aiming for ...Re5+.} 85. Rb6 Re5+ 86. Kf3 Be1 87. Be4 Ra5 88. Bf5 {Threatens to win with Re6+.} Bc3 89. Ke4 Re5+ 90. Kf3 Re3+ 91. Kf2 Re1 92. Kf3 Kd8 {Hoping for ...Kc7.} 93. Rb7 Re5 ({Black should try} 93... Re3+ $17 94. Kf2 Re1) 94. Kf2 {[#]} (94. Be4 $11) 94... Bd2 (94... Re7 $1 $17 {[%cal Re7b7]} 95. Rb5 Kc7) 95. Kf3 Be1 96. Rd7+ Kc8 {( -> ...Rxf5+!)} 97. Rd5+ Kc7 (97... Kb7 $5 {[%cal Re5d5]} 98. Rxe5 fxe5 $15) 98. Rxe5 fxe5 99. Be6 {Accuracy: White = 49%, Black = 53%.} 1/2-1/2

[Event "Marmaris PHYSKOS GM 2018"]
[Site "Icmeler"]
[Date "2018.11.17"]
[Round "4.1"]
[White "Odeev, Handszar"]
[Black "Annaberdiev, Meilis"]
[Result "0-1"]
[WhiteElo "2406"]
[BlackElo "2509"]
[Annotator "TA"]
[PlyCount "71"]
[EventDate "2018.11.16"]
[EventType "schev"]
[EventCountry "TUR"]
[SourceTitle "playchess.com"]
[Source "ChessBase"]
[SourceQuality "1"]

{[%evp 18,71,14,13,17,2,14,13,9,6,0,-18,-11,-23,-6,-21,-19,-32,-15,-21,-20,-13,-8,-77,-95,-83,-45,-51,-31,-60,-46,-125,-117,-306,0,-87,-88,-136,-130,-126,-127,-118,-119,-185,-165,-264,-259,-346,-248,-261,-252,-242,-248,-276,-263,-666]} 1. e4 c5 2. Nf3 e6 3. c3 Nf6 4. e5 Nd5 5. d4 cxd4 6. cxd4 d6 7. Bc4 Be7 8. O-O {B22: Sicilian: 2 c3} O-O 9. Qe2 b6 (9... Nc6 10. Rd1 Na5 11. Bxd5 exd5 12. Nc3 Be6 13. Bf4 a6 14. h3 Re8 15. exd6 Bxd6 16. Bxd6 Qxd6 17. Qe5 Nc4 18. Qxd6 Nxd6 {½-½ (32) Nisipeanu,L (2672)-Grischuk,A (2785) Heraklio 2017}) 10. Bd2 {LiveBook: 23 Games. The position is equal.} Bb7 11. Nc3 Nxc3 12. Bxc3 dxe5 13. dxe5 Nd7 14. Rac1 Qc7 15. Nd2 $146 ({Predecessor:} 15. Bd3 Nc5 {½-½ (27) Zadravec,M (2150)-Saric,L (2110) Vinkovci 2017}) 15... Rac8 16. b4 a5 17. a3 axb4 $40 {[%mdl 128] Black mounts an attack.} 18. axb4 Rfd8 19. Bd3 Nf8 20. f4 (20. g3 $11) 20... Qd7 $17 21. Bb5 Bc6 22. Bxc6 Rxc6 (22... Qxc6 {is more complex.} 23. Nf3 Qb7 24. Bd2 b5 25. Rfd1 Ng6) 23. Nf3 Rdc8 24. Qe3 (24. Rfd1 $15 Qb7 25. Qe4) 24... Rc4 25. Nd2 $2 {[#]} (25. Rcd1 $17 {might work better.} Qb5 26. Bd2) 25... R4c6 $2 (25... Bxb4 $19 {and Black stays clearly on top.} 26. Nxc4 Bc5) 26. Nf3 $1 b5 27. Rfe1 Ng6 {[%cal Bf8g6,Bg6e7,Be7d5][%mdl 32]} 28. g3 Bf8 29. Red1 Qb7 30. Ng5 (30. Nd4 $17 Rc4 31. Be1) 30... Rc4 $19 31. Nf3 (31. Be1 $142) 31... Ne7 ({Not} 31... Bxb4 32. Bxb4 Rxb4 33. Rxc8+ Qxc8 34. Qd2 $15) 32. Qd3 h6 33. Nd2 R4c7 34. Nb3 Nd5 {[%mdl 64] [#] Double Attack} 35. Bd2 Rc4 ({Resist} 35... Bxb4 36. Rxc7 Rxc7 37. Bxb4 $19) ({Much less strong is} 35... Nxb4 36. Rxc7 Rxc7 37. Bxb4 $19) 36. Na5 $2 {Accuracy: White = 32%, Black = 69%.} (36. Qf3) 0-1

[Event "Marmaris PHYSKOS GM 2018"]
[Site "Icmeler"]
[Date "2018.11.17"]
[Round "4.2"]
[White "Simantsev, Mikhail"]
[Black "Tutisani, Noe"]
[Result "0-1"]
[WhiteElo "2403"]
[BlackElo "2452"]
[Annotator "TA"]
[PlyCount "66"]
[EventDate "2018.11.16"]
[EventType "schev"]
[EventCountry "TUR"]
[SourceTitle "playchess.com"]
[Source "ChessBase"]
[SourceQuality "1"]

{[%evp 10,66,15,22,20,14,32,27,29,28,32,-10,-8,-8,-4,-27,-20,-11,0,-22,-10,-45,1,12,28,-44,56,50,100,87,90,81,105,104,131,122,125,118,110,101,127,133,117,119,154,143,120,131,156,162,446,67,90,66,328,309,318,-29998,-29999]} 1. d4 Nf6 2. c4 g6 3. Nc3 d5 4. Bf4 Bg7 5. e3 O-O 6. Rc1 Be6 {D83: Grünfeld: 4 Bf4 Bg7 5 e3 0-0} 7. c5 Nh5 8. Bg5 h6 {White has an edge.} 9. Bh4 b6 10. cxb6 $146 ({Predecessor:} 10. b4 a5 11. b5 bxc5 12. dxc5 Nd7 13. Na4 Ne5 14. Ne2 {1-0 (41) Inarkiev,E (2686)-Dominguez Perez,L (2732) Sochi 2016}) 10... axb6 11. Be2 Nf6 $36 {[%mdl 2048] Black is more active.} 12. Nf3 Ne4 13. a3 Nd7 14. O-O c5 15. Bb5 Ra5 {[#] Hoping for ...Nxc3.} 16. a4 f5 17. Nxe4 ({Better is} 17. Ne2 $11) 17... fxe4 (17... dxe4 $15 18. Nd2 cxd4) 18. Nd2 $14 Ra7 19. Nb3 c4 20. Nd2 Nf6 21. b3 {[%cal Bb2b3,Bb3c4][%mdl 32]} Bg4 22. Qc2 Be2 23. Rfe1 Bd3 24. Qc3 g5 25. Bg3 h5 26. bxc4 h4 27. Be5 Ng4 28. Bxg7 Kxg7 29. f3 exf3 $2 (29... Nxh2 30. fxe4 (30. Kxh2 Qb8+ 31. Kh1 Qg3 $16) 30... dxe4 31. d5+ Kh7) 30. Nxf3 $2 (30. gxf3 $18 Nxh2 31. Kxh2 Qd6+ 32. f4 Rxf4 33. exf4 Qxf4+ 34. Kh1) 30... Be4 {White must now prevent ...h3.} 31. Rf1 (31. h3 Qd6 $17) 31... h3 $2 {[%mdl 8192]} (31... Qb8 $14 32. Ne5 Rxf1+ 33. Rxf1 Qc8) 32. Nxg5 $18 ({Weaker is} 32. gxh3 Rxf3 33. Rxf3 (33. hxg4 Rh3 $11) 33... Bxf3 $16) 32... Qd6 {[%csl Gg4][%cal Rd6h2]} 33. g3 $4 {[%mdl 8192] [#]} (33. Rf4 $18 Rxf4 34. exf4) 33... Qxg3+ $1 {[%mdl 512] Accuracy: White = 53%, Black = 38%.} 0-1

[Event "Marmaris PHYSKOS GM 2018"]
[Site "Icmeler"]
[Date "2018.11.17"]
[Round "4.3"]
[White "Yilmaz, Mustafa"]
[Black "Ozen, Deniz"]
[Result "1/2-1/2"]
[WhiteElo "2637"]
[BlackElo "2411"]
[Annotator "TA"]
[PlyCount "75"]
[EventDate "2018.11.16"]
[EventType "schev"]
[EventCountry "TUR"]
[SourceTitle "playchess.com"]
[Source "ChessBase"]
[SourceQuality "1"]

{[%evp 9,75,30,44,0,0,-7,0,0,0,-11,-8,-9,0,-12,3,-18,-23,-26,0,0,0,0,0,0,2,-23,0,0,0,-27,-20,-23,-26,-33,-26,-25,2,0,0,0,0,0,0,5,22,15,55,55,48,35,39,45,67,41,64,34,46,29,22,16,42,15,65,0,0,0,2,0]} 1. Nf3 Nf6 2. c4 g6 3. Nc3 d5 4. cxd5 Nxd5 5. h4 h5 {LiveBook: 25 Games} (5... Nxc3 6. bxc3 h6 7. e4 Bg7 8. d4 c5 9. Rb1 O-O 10. Be2 b6 11. Be3 Bb7 12. d5 e6 13. c4 {0-1 (46) Mareco,S (2649)-Ivanchuk,V (2710) Batumi 2018}) 6. d3 {A16: English Opening: 1...Nf6 with ...d5} Bg7 7. Bd2 O-O 8. g3 b6 9. Bg2 Bb7 10. O-O $146 ({Predecessor:} 10. Qc1 Re8 11. Ng5 e6 12. Nge4 Nc6 {0-1 (121) Osborne,M (2280)-Dale,A (2122) London 2012}) 10... c5 11. Qb3 Nc7 12. Rfc1 Nc6 13. Ne4 Ne6 14. e3 Rb8 15. Rd1 Nc7 16. Bc3 e5 17. Neg5 Qe7 18. d4 {Black must now prevent d5.} e4 19. d5 Nxd5 20. Bxg7 ({Of course not} 20. Qxd5 Nd4 $17) ({Avoid the trap} 20. Rxd5 $2 Na5 $17) 20... Kxg7 21. Nxe4 Na5 $1 {[%cal Ra5b3]} 22. Qc2 Nf6 23. Nd6 Bxf3 24. Bxf3 Rbd8 25. Nb5 a6 26. Nc3 b5 27. Nd5 Nxd5 28. Bxd5 {[#] Qc3+ is the strong threat.} Qe5 29. e4 Nc4 30. b3 Nd6 31. f4 Qe8 32. Re1 Rc8 33. Rad1 Qe7 34. Qc3+ Kh7 35. Kg2 c4 36. bxc4 ({Better is} 36. e5 $14 Nf5 37. bxc4) 36... Nxc4 $11 37. Qf3 Nb6 38. Bb3 {Precision: White = 55%, Black = 74%.} 1/2-1/2

[Event "Marmaris PHYSKOS GM 2018"]
[Site "Icmeler"]
[Date "2018.11.17"]
[Round "4.4"]
[White "Rasulov, Vugar"]
[Black "Yurtseven, Melih"]
[Result "1-0"]
[WhiteElo "2538"]
[BlackElo "2397"]
[Annotator "TA"]
[PlyCount "153"]
[EventDate "2018.11.16"]
[EventType "schev"]
[EventCountry "TUR"]
[SourceTitle "playchess.com"]
[Source "ChessBase"]
[SourceQuality "1"]

{[%evp 25,153,0,25,-10,16,13,18,-7,44,30,62,62,62,26,53,33,41,27,25,5,13,17,30,0,30,28,47,31,41,9,9,0,0,-30,-20,-27,-11,-64,-43,-46,-58,-129,-76,-104,-34,-39,-29,-14,-14,-32,-46,-85,-59,-101,-35,-59,-37,-29,-37,-42,-34,-33,0,0,0,0,0,0,0,0,0,0,0,0,0,0,0,0,12,0,12,22,97,94,99,101,112,59,59,66,100,94,94,94,198,194,254,235,225,227,283,227,381,344,296,213,179,154,169,169,258,262,281,272,246,204,29969,29971,29972,29973,29973,29974,29974,29975,29978,29979,29987,29988,29987,29988]} 1. e4 e5 2. Nf3 Nc6 3. Bb5 a6 4. Ba4 Nf6 5. d3 d6 6. c3 b5 7. Bb3 Be7 8. O-O O-O 9. Nbd2 Na5 10. Bc2 c5 11. Re1 Re8 12. Nf1 Nc6 13. Ng3 Bf8 {LiveBook: 58 Games. C90: Closed Ruy Lopez with 7...d6: Early deviations} (13... h6 14. h3 Be6 15. Nh2 Bf8 16. Qf3 d5 17. Ng4 Nxg4 18. hxg4 d4 19. Nf5 Rc8 20. Bd2 c4 21. Rad1 dxc3 22. bxc3 cxd3 23. Bxd3 {1-0 (37) Vachier Lagrave,M (2789)-Fressinet,L (2662) Riadh 2017}) 14. a3 g6 15. Bd2 $146 ({Predecessor:} 15. h3) 15... Bb7 {The position is equal.} 16. b4 Nd7 ({Better is} 16... a5 $11) 17. h4 {[%cal Bh2h4,Bh4h5][%mdl 32]} Nb6 18. h5 Bc8 19. Nh2 Qh4 20. Rb1 c4 21. Be3 cxd3 22. Bxd3 (22. Qxd3 {seems wilder.} Nc4 23. a4 Na3 24. Nf3 Qe7 25. Ra1) 22... Rb8 23. Qd2 Qd8 24. Qe2 Qh4 25. Nf3 Qd8 26. hxg6 hxg6 27. Nd2 Bg7 28. c4 Na4 29. Rbc1 {[%cal Rc4b5]} Nd4 30. Qf1 Nb2 31. Rb1 (31. Bxd4 $11 exd4 32. cxb5) 31... Nxd3 $15 32. Qxd3 Bg4 33. f3 (33. Rbc1 $15) 33... Be6 (33... bxc4 $142 34. Nxc4 Bd7) 34. Rbc1 Qd7 ({Black should try} 34... a5 $17 {Hoping for ...bxc4.} 35. cxb5 axb4) 35. Ne2 {[%cal Re2d4]} bxc4 36. Nxc4 {[%cal Re2d4]} d5 37. exd5 Qxd5 38. Kf2 Qb5 39. Nb2 Red8 (39... Nb3 $17 40. Rb1 Red8 41. Qxb5 axb5) 40. Red1 Bf5 41. Qxb5 axb5 42. Ng3 Be6 43. Ne4 Nb3 44. Rxd8+ Rxd8 45. Rc7 Ra8 46. Bg5 Rxa3 47. Nf6+ Bxf6 48. Bxf6 {[#]} e4 $1 {[%mdl 512]} 49. Nd1 (49. fxe4 Nd2) 49... Ra2+ 50. Kg3 exf3 51. gxf3 Nd2 52. Nc3 Ra3 53. Rb7 {Intending Rb8+ and mate.} g5 (53... Kh7 $11) 54. Rxb5 $16 Kh7 55. Rxg5 Kh6 56. Ra5 (56. Kf4 $16) 56... Rxa5 $14 57. bxa5 {[%mdl 4096] Endgame Threatens to win with Be5. KBN-KBN} Bc4 58. Kf4 Nb3 59. Bd8 Nc5 (59... Nd4 $16 {was called for.}) 60. Ke5 $18 {Kd4 is the strong threat.} Bf1 (60... Na6 {was worth a try.} 61. Be7 Kg6) 61. Bb6 Nd7+ 62. Kd6 Nb8 63. Nd5 Be2 $2 (63... Na6 64. Bd8 Be2) 64. Be3+ Kg7 65. f4 Na6 66. Ne7 Bd3 67. Bd4+ Kh6 {[#]} (67... Kh7 {keeps fighting.} 68. Kc6 Kh6) 68. Nc6 $1 f5 69. Bc3 Kh5 70. Ne5 Bb1 $2 (70... Be4 $18 71. Be1 Bb7) 71. Kc6 {White mates.} Be4+ 72. Kb6 Nb8 73. Bb4 Kh4 74. Bd6 Kg3 75. Bxb8 Kxf4 76. Nc6+ Ke3 77. a6 {Precision: White = 48%, Black = 36%.} 1-0